Civilisation : (Record no. 422)

MARC details
000 -LEADER
fixed length control field 00825pam a2200277 a 4500
005 - DATE AND TIME OF LATEST TRANSACTION
control field 20260322212019.0
008 - FIXED-LENGTH DATA ELEMENTS--GENERAL INFORMATION
fixed length control field data
010 ## - LIBRARY OF CONGRESS CONTROL NUMBER
LC control number 90040981
020 ## - INTERNATIONAL STANDARD BOOK NUMBER
International Standard Book Number 0060907878 (pbk.) :
Terms of availability {dollar}22.50
020 ## - INTERNATIONAL STANDARD BOOK NUMBER
International Standard Book Number 0060108002
020 ## - INTERNATIONAL STANDARD BOOK NUMBER
International Standard Book Number 9780060108007
020 ## - INTERNATIONAL STANDARD BOOK NUMBER
International Standard Book Number 9780060907877 (pbk.) :
Terms of availability {dollar}22.50
040 ## - CATALOGING SOURCE
Original cataloging agency DLC
Transcribing agency DLC
Modifying agency DLC
050 00 - LIBRARY OF CONGRESS CALL NUMBER
Classification number CB69
Item number .C62 1990
082 00 - DEWEY DECIMAL CLASSIFICATION NUMBER
Classification number 940
Edition information 20
092 ## - LOCALLY ASSIGNED DEWEY CALL NUMBER (OCLC)
Classification number 901.9 C62 1990
001 - CONTROL NUMBER
control field data
100 1# - MAIN ENTRY--PERSONAL NAME
Personal name Clark, Kenneth,
Dates associated with a name 1903-1983.
245 10 - TITLE STATEMENT
Title Civilisation :
Remainder of title a personal view /
Statement of responsibility, etc. Kenneth Clark.
260 ## - PUBLICATION, DISTRIBUTION, ETC.
Place of publication, distribution, etc. New York :
Name of publisher, distributor, etc. HarperPerennial,
Date of publication, distribution, etc. [1990?]
300 ## - PHYSICAL DESCRIPTION
Extent xviii, 359 p. :
Other physical details ill. (some col.) ;
Dimensions 25 cm.
500 ## - GENERAL NOTE
General note Reprint. Originally published: New York : Harper & Row, 1970.
500 ## - GENERAL NOTE
General note Includes index.
650 #0 - SUBJECT ADDED ENTRY--TOPICAL TERM
Topical term or geographic name entry element Civilization
General subdivision History.
650 #0 - SUBJECT ADDED ENTRY--TOPICAL TERM
Topical term or geographic name entry element Art
General subdivision History.
Holdings
Withdrawn status Lost status Damaged status Not for loan Home library Current library Shelving location Date acquired Total checkouts Full call number Barcode Date last seen Price effective from Koha item type
        Fairfield Fairfield General stacks 22/03/2026   940 20 BC0010433 22/03/2026 22/03/2026 Books